|
|
|
|
| LEADER |
00000nab a2200000 a 4500 |
| 001 |
vtls000746147 |
| 003 |
SK-MaSNL |
| 005 |
20260304182602.0 |
| 008 |
250429c2000 xo 0 slo |
| 015 |
|
|
|a SNBRB2001/02-04985
|
| 035 |
|
|
|a CLN000097979
|
| 035 |
|
|
|a urn:nbn:sk:snk-ab72hd
|
| 035 |
|
|
|a (uuid)87949d1f-0af6-4a2b-99a9-03aa86b85aed
|
| 035 |
|
|
|a (urnnbn)urn:nbn:sk:snk:ar-a06pzr
|
| 035 |
|
|
|a (sysno)vtls000746147
|
| 040 |
|
|
|a SNKBUCL
|b slo
|c SNKBUCL
|e AACR2
|
| 041 |
0 |
|
|a slo
|
| 044 |
|
|
|a xo
|c SK
|
| 080 |
|
|
|a 943.76"09/1918":943.92:061.3
|2 1981
|
| 080 |
|
|
|a 943.92:061.3
|2 1981
|
| 080 |
|
|
|a 371.124:93/99:061.3
|2 1981
|
| 080 |
|
|
|a 371.32:93/99:061.3
|2 1981
|
| 100 |
1 |
|
|a Morišová, Viera
|4 aut
|9 920541
|
| 245 |
1 |
0 |
|a Seminár Slováci v uhorských dejinách
|c Viera Morišová
|
| 611 |
2 |
7 |
|a Slováci v uhorských dejinách
|d (2000 :
|c Trenčín, Slovensko)
|2 snkbucl
|9 1513748
|
| 648 |
|
7 |
|a 10.-20. stor.
|2 snkbucl
|9 406792
|
| 648 |
|
7 |
|a 2000
|2 snkbucl
|9 295137
|
| 650 |
0 |
7 |
|a Slováci
|x dejiny
|2 snkbucl
|9 15788
|
| 650 |
0 |
7 |
|a semináre
|2 snkbucl
|9 18562
|
| 650 |
0 |
7 |
|a učitelia dejepisu
|2 snkbucl
|9 690445
|
| 651 |
|
7 |
|a Uhorsko
|x dejiny
|2 SNKPHgeo
|9 56334
|
| 651 |
|
7 |
|a Slovensko
|x dejiny
|2 SNKPHgeo
|9 13278
|
| 773 |
0 |
|
|t Fórum archivárov
|g Roč. 11, č. 7 (2000), s. 18-20
|x 1335-6658
|
| 850 |
|
|
|a Slovenská národná knižnica
|
| 852 |
|
|
|a Slovenská národná knižnica
|
| 954 |
|
|
|a odborná, vedecká literatúra pôvodná (slovenská)
|2 lita
|
| 958 |
|
|
|a article27
|
| 958 |
|
|
|a OND
|
| 958 |
|
|
|a EUIPO
|
| 999 |
|
|
|c 3030121
|d 3032051
|